| 000 | 00777nam a2200205 a 4500 | ||
|---|---|---|---|
| 003 | 0 | ||
| 005 | 20250224105649.0 | ||
| 008 | 101112s19uu xx 00 eng d | ||
| 050 |
_aPHS ML 3918.P67 _b.B87 2010 |
||
| 100 | _aBulaong, Mariel M. | ||
| 245 |
_aMusic genres and moral values of fourth year high school students from Southville International School and Colleges / _cMariel M. Bulaong. |
||
| 260 |
_aLas PiƱas City, Philippines : _bSouthville International School and Colleges, _c2010. |
||
| 300 |
_a38 pages : _billustrations ; _c30 cm. |
||
| 504 | _aIncludes bibliographical references. | ||
| 650 |
_aMusic _xPsychological aspects. |
||
| 650 | _aMusic and morals. | ||
| 650 |
_aMusic _xSocial aspects. |
||
| 650 |
_aYouth _xInfluence of music. |
||
| 942 |
_2lcc _cPASS |
||
| 999 |
_c98487 _d98487 |
||